000 00315nam a2200145Ia 4500
008 200305s9999 xx 000 0 und d
082 _a338.9
082 _bTRE
100 _aTRIPATHI
245 _aECONOMICS DEVELOPMENT
260 _aNEW DELHI
_bMARK PUB
300 _a250
650 _aECONOMICS
999 _c35583
_d35583
041 _aeng